Debunking Columbus/ (Record no. 20649)

MARC details
000 -LEADER
campo de control de longitud fija 01707aab a2200397 i 4500
001 - NÚMERO DE CONTROL
campo de control MOR01000020663
005 - FECHA Y HORA DE LA ÚLTIMA TRANSACCIÓN
campo de control 20260417012601.0
007 - CAMPO FIJO DE DESCRIPCIÓN FÍSICA--INFORMACIÓN GENERAL
campo de control de longitud fija ta
008 - DATOS DE LONGITUD FIJA--INFORMACIÓN GENERAL
campo de control de longitud fija 920729d1992 wau p nn f0 0eng d
022 ## - NÚMERO INTERNACIONAL NORMALIZADO PARA PUBLICACIONES SERIADAS
Número Internacional Normalizado para Publicaciones Seriadas 0941-6978
035 ## - NÚMERO DE CONTROL DEL SISTEMA
Número de control de sistema 922310
040 ## - FUENTE DE CATALOGACIÓN
Centro catalogador/agencia de origen mxcmmo
Lengua de catalogación spa
Normas de descripción rda
Centro/agencia transcriptor mxcmmo
041 0# - CÓDIGO DE IDIOMA
Código de lengua del texto/banda sonora o título independiente eng
082 04 - NÚMERO DE LA CLASIFICACIÓN DECIMAL DEWEY
Número de clasificación 970
Número de ítem AME.s27
100 1# - ENTRADA PRINCIPAL--NOMBRE DE PERSONA
Nombre de persona Goode, Stephen
Término indicativo de función/relación autor
9 (RLIN) 39918
245 10 - MENCIÓN DEL TÍTULO
Título Debunking Columbus/
Mención de responsabilidad, etc. Stephen Goode. -- p. 36-39
336 ## - TIPO DE CONTENIDO
Término de tipo de contenido texto
Código de tipo de contenido txt
Fuente rdacontent
337 ## - TIPO DE MEDIO
Nombre/término del tipo de medio sin medio
Código del tipo de medio n
Fuente rdamedia
338 ## - TIPO DE SOPORTE
Nombre/término del tipo de soporte volumen
Código del tipo de soporte nc
Fuente rdacarrier
500 ## - NOTA GENERAL
Nota general En: American studies newsletter. -- No. 27 (Mayo-Ago. 1992)
520 8# - RESUMEN, ETC.
Sumario, etc. Resume la larga polémica sobre el Quinto centenario y las distintas interpretaciones sobre la figura de Colón, tan pronto un héroe visionario o un imperialista genocida. Se interroga sobre el interés religioso existente, la suerte corrida por las tres carabelas, et cetera Al margen de las posiciones favorables o contrarias entiende que el almirante es digno de admiración por el sólo hecho de haber cruzado el océano.
600 #7 - PUNTO DE ACCESO ADICIONAL DE MATERIA--NOMBRE DE PERSONA
Nombre de persona Colón, Cristóbal
Fechas asociadas al nombre 1451?-1506
9 (RLIN) 917
650 #7 - PUNTO DE ACCESO ADICIONAL DE MATERIA--TÉRMINO DE MATERIA
Término de materia o nombre geográfico como elemento de entrada Quinto centenario del encuentro de dos mundos
Subdivisión general Interpretación
9 (RLIN) 39919
700 1# - ENTRADA AGREGADA--NOMBRE PERSONAL
Nombre de persona Laufer, Joseph M.
9 (RLIN) 39920
900 ## - ELEMENTOS DE DATOS A LOCAL, LDA (RLIN)
Nombre de persona ACT
Numeración 40
Títulos y otros términos asociados al nombre 20040121
Lenguaje de la obra MOR01
-- 1039
900 ## - ELEMENTOS DE DATOS A LOCAL, LDA (RLIN)
Nombre de persona ALEPH14
Numeración 10
Títulos y otros términos asociados al nombre 20061103
Lenguaje de la obra MOR01
-- 1042
900 ## - ELEMENTOS DE DATOS A LOCAL, LDA (RLIN)
Nombre de persona BATCH-UPD
Numeración 00
Títulos y otros términos asociados al nombre 20120323
Lenguaje de la obra MOR01
-- 1732
900 ## - ELEMENTOS DE DATOS A LOCAL, LDA (RLIN)
Nombre de persona BATCH-UPD
Numeración 10
Títulos y otros términos asociados al nombre 20120321
Lenguaje de la obra MOR01
-- 1649
900 ## - ELEMENTOS DE DATOS A LOCAL, LDA (RLIN)
Nombre de persona BATCH
Numeración 00
Títulos y otros términos asociados al nombre 20120322
Lenguaje de la obra MOR01
-- 1712
900 ## - ELEMENTOS DE DATOS A LOCAL, LDA (RLIN)
Nombre de persona DYNIX
Numeración 00
Títulos y otros términos asociados al nombre 20030304
Lenguaje de la obra MOR01
-- 1717
900 ## - ELEMENTOS DE DATOS A LOCAL, LDA (RLIN)
Nombre de persona MARC21
Numeración 40
Títulos y otros términos asociados al nombre 20170202
Lenguaje de la obra MOR01
-- 1237
904 ## - ELEMENTOS DE DATOS D LOCAL, LDD (RLIN)
a UPDATE
942 ## - ELEMENTOS DE ENTRADA SECUNDARIOS (KOHA)
Código de la institución [OBSOLETO] SE
901 ## - ELEMENTOS DE DATOS A LOCAL LDA (RLIN)
a batch batch
Holdings
Estatus retirado Estado de pérdida Fuente del sistema de clasificación o colocación Estado de daño Restricciones de uso No para préstamo Colección Biblioteca de origen Biblioteca actual Ubicación en estantería Fecha de adquisición Total de préstamos Signatura topográfica completa Código de barras Visto por última vez Precio de reemplazo Tipo de ítem Koha
    Clasificación Decimal Dewey   En sala   Publicaciones Periódicas (General) Biblioteca Nicolas Poussin Biblioteca Nicolas Poussin En sala 26/05/1995   (P)/970 AME.s27 -72285 03/09/2024 03/09/2024 Publicación periódica